00690nam a2200193Ia 4500003000500000005001700005008004100022020002900063040001400092082002000106100003800126245007700164260005000241300004600291521001000337942003500347999001900382952009500401322820250721113327.0210816s9999 xx 000 0 und d a9780796921116qPaperback aRDAc3228 a371.100968 PHUR a PHURUTSE, Makola Collin 938220 0aFactors affecting teaching and learning in South African public schools  a Cape Town, South AfricabHSRC Pressc 2005  aiv, 20 PagesbColour illustrationsc29 cm aAdult cBK2ddcy470zPatience Mbowane c135911d135910 00104070aMAFELbMAFELd2021-08-17g80.00l0p33228021964513r2021-08-17w2021-08-17yBK